|
|
|
|
| LEADER |
00000cam a2200000 a 4500 |
| 001 |
2806-6 |
| 005 |
20230308171950.0 |
| 008 |
000000|1873 ||||||||r|||||||||||spa|| |
| 040 |
|
|
|b spa
|
| 041 |
1 |
|
|a fre
|
| 082 |
0 |
|
|a 622
|
| 100 |
1 |
|
|a Debauve, Alphonse
|9 17350
|
| 245 |
|
|
|a Mécanique, machines hydraulique et á vapeur
|c Alphonse Debauve
|h imp
|
| 264 |
|
|
|a París
|b Dunod, Editeur
|c 1873
|
| 300 |
|
|
|a 850 páginas:
|b ilu
|c 24 cm
|
| 490 |
|
|
|a Manuel de l´ingénieur des ponts et chaussées
|v fascicules 6,7 et 8
|
| 504 |
|
|
|a incl. ref.
|
| 650 |
|
0 |
|a Ingeniería mecánica
|9 22693
|
| 650 |
|
0 |
|a Mecánica
|9 12473
|
| 852 |
|
|
|a UC-CDJBV
|c ESTANTERIA CERRADA
|f Donación
|k guillermina.martinez
|l 1
|m Limitada
|p 00000000
|t 2806-6
|b 1
|d CDRC
|e CDRC
|g 622 ESTANTERIA CERRADA
|z 0000-00-00
|
| 942 |
|
|
|c BK
|
| 999 |
|
|
|c 38178
|d 38178
|